000 00693nam a2200217Ii 4500
003 JO-AjNU
008 230606s9999||||xx |||||||||||||| ||und||
020 _a978-0-273-7742-6
040 _aJO-AjNU
_beng
_erda
_cJO-AjNU
041 _aeng
050 1 4 _aQA76.73.J38.G33.2013
100 3 _aGADDIS,TONY,Mukherjee,Soumen,
_eauthor
_92840
245 0 0 _aStarting OUT With JAVA From Conntrol Structures through Objects
250 _a5 ed
264 3 1 _aPEARSON:NEWYORK,2013
300 _a1148p
336 _atext
_btxt
_2rdacontent
337 _aunmediated
_bn
_2rdamedia
338 _avolume
_bnc
_2rdacarrier
650 4 _aStarting OUT With JAVA From Conntrol Structures through Objects
_92841
999 _aE1488
_c1488
_d1488